[Event "IIFL Wealth  4th Mumbai Junior U-13"]
[Site "Mumbai"]
[Date "2019.01.06"]
[Round "8"]
[White "Pranav, V."]
[Black "Sarvade Mihiir"]
[Result "1-0"]
[WhiteElo "2318"]
[BlackElo "1563"]
[Annotator "ChessBase"]
[PlyCount "59"]
[EventDate "2018.12.30"]
[EventType "swiss"]
[EventCountry "IND"]
[SourceTitle "playchess.com"]
[Source "ChessBase"]
[SourceQuality "1"]
[TimeControl "40/5400+30:1800+30"]

1. d4 {[%emt 0:04:49]} Nf6 {[%emt 0:00:00]} 2. Nc3 {[%emt 0:00:08]} d5 {[%emt 0:01:26]} 3. Bf4 {[%emt 0:00:09]} g6 {[%emt 0:01:19]} 4. e3 {[%emt 0:00:41]} Bg7 {[%emt 0:00:14]} 5. Nf3 {[%emt 0:01:00]} O-O {[%emt 0:03:47]} 6. Be2 {[%emt 0:00:23]} c5 {[%emt 0:12:31]} 7. Nb5 {[%emt 0:00:28]} Na6 {[%emt 0:05:56]} 8. c3 {[%emt 0:00:21]} Nh5 {[%emt 0:16:40]} 9. Be5 {[%emt 0:00:56]} f6 {[%emt 0:08:25]} 10. Bg3 {[%emt 0:01:20]} Nxg3 {[%emt 0:02:12]} 11. hxg3 {[%emt 0:00:14]} e5 {[%emt 0:00:49]} 12. dxe5 {[%emt 0:01:35]} fxe5 {[%emt 0:00:46]} 13. e4 {[%emt 0:00:14]} Be6 {[%emt 0:18:53]} 14. Qc2 {[%emt 0:03:29]} d4 {[%emt 0:03:31]} 15. Na3 {[%emt 0:00:27]} Rc8 {[%emt 0:04:15]} 16. Bc4 {[%emt 0:02:04]} Bxc4 {[%emt 0:02:22]} 17. Nxc4 {[%emt 0:00:15]} Qe7 {[%emt 0:04:50]} 18. Qb3 {[%emt 0:01:05]} Kh8 {[%emt 0:01:50]} 19. a4 {[%emt 0:02:46]} Nb8 {[%emt 0:01:52]} 20. O-O-O {[%emt 0:02:38]} Nc6 {[%emt 0:01:45]} 21. Rh3 {[%emt 0:00:37]} h6 {[%emt 0:05:49]} 22. Rdh1 {[%emt 0:00:59]} Rf6 {[%emt 0:00:48]} 23. g4 {[%emt 0:00:31]} Rcf8 {[%emt 0:00:48]} 24. g5 {[%emt 0:01:40]} Rxf3 {[%emt 0:00:27]} 25. gxf3 {[%emt 0:00:25]} Qxg5+ {[%emt 0:00:17]} 26. Kb1 {[%emt 0:00:16]} b6 {[%emt 0:00:46]} 27. Qb5 {[%emt 0:02:21]} Rf6 {[%emt 0:00:26]} 28. Qa6 {[%emt 0:01:04]} Rf8 {[%emt 0:00:38]} 29. Qb7 {[%emt 0:00:10]} Qf6 {[%emt 0:00:11]} 30. Rxh6+ {[%emt 0:00:15]} 1-0

[Event "IIFL Wealth  4th Mumbai Junior U-13"]
[Site "Mumbai"]
[Date "2019.01.06"]
[Round "8"]
[White "Divya Deshmukh"]
[Black "Shah Jeet"]
[Result "0-1"]
[WhiteElo "2190"]
[BlackElo "1904"]
[Annotator "TA"]
[PlyCount "76"]
[EventDate "2018.12.30"]
[EventType "swiss"]
[EventCountry "IND"]
[SourceTitle "playchess.com"]
[Source "ChessBase"]
[SourceQuality "1"]

{[%evp 11,76,-14,-18,-95,-96,-125,-133,-208,-200,-263,-256,-276,-291,-306,-278,-269,-287,-352,-255,-286,-237,-294,-296,-329,-162,-206,-208,-239,-228,-211,-139,-140,-108,-104,-50,-34,-29,-54,-60,-59,-29,-79,-78,-115,-107,-117,-105,-111,-107,-144,-87,-64,0,0,0,-91,0,0,0,0,0,-29983,-29984,-29984,-29983,-29995,-29996]} 1. e4 e5 2. Nc3 Nf6 3. Bc4 Nxe4 4. Qh5 Nd6 {[%cal Be4d6,Bd6f5,Bf5d4][%mdl 32]} 5. Bb3 Be7 6. Nf3 Nc6 {LiveBook: 57 Games} 7. d3 {C27: Vienna Game: 2...Nf6 3 Bc4 Nxe4} (7. Nxe5 $11 g6 8. Nxc6 dxc6 9. Qd1) (7. Nb5 O-O 8. Nxd6 cxd6 9. d3 Bf6 10. h4 g6 11. Qg4 d5 12. h5 d6 13. Qg3 Be6 14. Bg5 Nd4 15. Nxd4 Bxg5 16. Nxe6 fxe6 17. hxg6 hxg6 {1-0 (60) Mamedyarov,S (2801)-Giri,A (2782) chess.com INT 2018}) 7... g6 $17 8. Qg4 h5 9. Qh3 (9. Qa4 $17) 9... Nf5 $19 10. g4 Nfd4 11. gxh5 Rxh5 12. Qg2 Nxb3 $146 ({Predecessor:} 12... Rf5 13. Nxd4 Nxd4 14. Be3 Nf3+ {0-1 (33) Kett,T (2230)-Kok,C (2031) Gent 2018}) 13. axb3 d5 14. Bd2 Be6 15. O-O-O Qd7 16. h4 O-O-O 17. Ng5 Nd4 (17... d4 $142 18. Ne2 Bd5) 18. Rde1 Nf5 19. f4 d4 ({Not} 19... Rxh4 20. Rxh4 Nxh4 21. Qf2 $15) (19... Nxh4 20. Qf2 $15) 20. Nce4 Bd5 ({Resist} 20... Rxh4 21. fxe5 Rdh8 22. Kb1 $17) ({Don't take} 20... Nxh4 21. Qf2 $17) 21. fxe5 Nxh4 22. Qf2 Bxg5 (22... Qc6 $17 {White must now prevent ...Bxb3.} 23. Kb1 Rdh8) 23. Bxg5 $15 Bxe4 24. Rxe4 Rxg5 25. Rhxh4 {[%cal Re4d4]} Rf5 26. Qg1 {[%cal Re4d4]} Qe7 27. Rxd4 Rxe5 {...Re1+ is the strong threat.} 28. Rxd8+ Qxd8 $17 {[%mdl 4096] Endgame KQR-KQR} 29. Rf4 Qe7 30. Qf2 {[#]} Re2 ({Better is} 30... Qg5 $1 {Hoping for ...Rf5.} 31. Kb1 f5) 31. Qxa7 Re1+ (31... Qg5 $1 $15 32. Kd1 Qxf4 33. Kxe2 Qe5+ 34. Qe3 Qxe3+ 35. Kxe3 Kd7) 32. Kd2 $11 {And now Qa8+ would win.} Re2+ 33. Kc3 (33. Kc1 $11) 33... Qe5+ (33... c5 $17 {( -> ...Qe5+)} 34. Qa8+ Kc7 35. Qa5+ Kb8) 34. Rd4 $1 {[%cal Ra7a8]} c5 $36 {[%csl Gc5][%cal Re5d4][%mdl 2048] Black fights for an advantage.} 35. Qa8+ Kc7 {[%csl Gc5][%cal Re5d4]} 36. Qa5+ $2 {[%mdl 8192] [#]} (36. Qd8+ $11 Kc6 37. Qd7+ Kb6 38. Qd6+ Qxd6 39. Rxd6+ Ka5 40. Rd7) 36... Kc6 $1 {[%csl Gc5][%cal Re5d4] Black mates.} 37. Qa4+ Kb6 38. Qc6+ Kxc6 {Accuracy: White = 29%, Black = 46%.} 0-1

[Event "IIFL Wealth  4th Mumbai Junior U-13"]
[Site "Mumbai"]
[Date "2019.01.06"]
[Round "8"]
[White "Pranesh M"]
[Black "Gukesh D"]
[Result "1-0"]
[WhiteElo "2125"]
[BlackElo "2466"]
[Annotator "TA"]
[PlyCount "97"]
[EventDate "2018.12.30"]
[EventType "swiss"]
[EventCountry "IND"]
[SourceTitle "playchess.com"]
[Source "ChessBase"]
[SourceQuality "1"]

{[%evp 25,97,-18,0,-35,-30,-35,-22,-50,-3,-14,0,-56,-44,-50,-51,-45,-46,-56,-70,-83,-87,-93,-84,-104,-110,-100,-97,-121,-91,-93,-67,-78,-20,-19,-14,-16,-16,-15,0,-9,0,0,0,0,0,0,0,0,0,0,393,400,445,445,444,435,426,416,523,519,569,563,551,533,526,519,571,572,575,586,586,585,618,616]} 1. e4 c5 2. Nf3 d6 3. Nc3 Nf6 4. d4 cxd4 5. Qxd4 Nc6 6. Bb5 Bd7 7. Bxc6 Bxc6 8. Bg5 e6 9. O-O Be7 10. Rad1 O-O 11. Rfe1 Qc7 12. Qd3 Rfd8 13. Nd4 Rac8 14. f3 $146 {B53: Sicilian: 2...d6: Lines with Qxd4} ({Predecessor:} 14. Rd2 a6 15. Nxc6 Qxc6 16. Qd4 h6 17. Bh4 b5 18. Red1 Qc5 19. Qxc5 Rxc5 20. Bxf6 Bxf6 21. Rxd6 Rxd6 22. Rxd6 {0-1 (53) Bichsel,W (2305)-Weindl,A (2350) Switzerland 1993}) 14... a6 15. Bh4 Be8 16. Bf2 {The position is equal.} Nd7 17. f4 Ne5 18. fxe5 (18. Qh3 $11 Nc4 19. Rb1) 18... dxe5 $15 19. Nxe6 $1 fxe6 20. Qh3 Bf7 21. Qg3 b5 22. a3 Rxd1 23. Rxd1 {[#]} a5 $1 24. Qe3 b4 25. axb4 axb4 26. Ne2 Bh5 27. Rd2 Qa5 28. h3 Bc5 (28... Qa6 $17 {next ...h6 is good for Black.} 29. Rd7 Bf6) 29. Qg3 Rf8 30. Bxc5 Qxc5+ 31. Kh2 Qf2 32. Rd7 {[%csl Gd7][%cal Rg3g7] [#]} Qf6 33. Nc1 Bg6 $1 34. Nd3 Bxe4 35. Nxe5 h5 {White must now prevent ...h4.} 36. h4 Bxg2 {Hoping for ...Be4.} 37. Ng6 $36 {[%mdl 2048] White has some pressure.} Re8 $2 {[%mdl 8192]} (37... Bd5 $1 $11 {and Black stays safe.} 38. Nxf8 Qxb2) 38. Kxg2 $18 e5 {Threatens to win with ...Qc6+.} 39. Qd3 Qc6+ 40. Qd5+ Qxd5+ 41. Rxd5 {[%mdl 4096] Endgame KRN-KR} e4 42. Rxh5 {White is clearly winning.} Kf7 43. Ne5+ Ke6 44. Ng4 Rc8 45. Ne3 b3 46. cxb3 Rb8 47. Nc2 Rd8 {Now ...Rd2+ and Black clings on.} 48. Kg3 Rd2 49. Rc5 {Precision: White = 54%, Black = 55%.} 1-0

[Event "IIFL Wealth  4th Mumbai Junior U-13"]
[Site "Mumbai"]
[Date "2019.01.06"]
[Round "8"]
[White "Zia, Tahsin Tajwar"]
[Black "Devesh Anand Naik"]
[Result "1/2-1/2"]
[WhiteElo "2125"]
[BlackElo "1763"]
[Annotator "NA"]
[PlyCount "69"]
[EventDate "2018.12.30"]
[EventType "swiss"]
[EventCountry "IND"]
[SourceTitle "playchess.com"]
[Source "ChessBase"]
[SourceQuality "1"]
[TimeControl "40/5400+30:1800+30"]

1. d4 {[%emt 0:00:00]} Nf6 {[%emt 0:00:00]} 2. Nf3 {[%emt 0:00:06]} g6 {[%emt 0:00:00]} 3. Bf4 {[%emt 0:00:04]} Bg7 {[%emt 0:00:00]} 4. e3 {[%emt 0:00:06]} O-O {[%emt 0:00:01]} 5. h3 {[%emt 0:00:05]} d6 {[%emt 0:00:06]} 6. Be2 {[%emt 0:00:04]} Nbd7 {[%emt 0:00:09]} 7. Bh2 {[%emt 0:00:07]} Qe8 {[%emt 0:00:18]} 8. c4 {[%emt 0:01:03]} e5 {[%emt 0:00:18]} 9. Nc3 {[%emt 0:00:09]} c6 {[%emt 0:00:20]} 10. O-O {[%emt 0:00:38]} Qe7 {[%emt 0:02:24]} 11. Rc1 {[%emt 0:02:52]} Ne8 {[%emt 0:00:46]} 12. b4 {[%emt 0:03:30] A48: 1 d4 Nf6 2 Nf3 g6: Torre, London and Colle Systems} f5 {[%emt 0:01:45] LiveBook: 4 Games} (12... a6 13. c5 d5 14. a4 Nc7 15. b5 axb5 16. axb5 Ne6 17. Na4 Rd8 18. Bxe5 Bxe5 19. dxe5 Nexc5 20. Nxc5 Nxc5 {½-½ (40) Rogers,I (2618)-Babula,V (2565) Prague 1999}) 13. Qb3 {[%emt 0:03:20]} Kh8 {[%emt 0:02:44]} 14. Rfd1 $146 {[%emt 0:03:26]} ({Predecessor:} 14. a4 Nef6 15. c5 Ne4 16. Nxe4 fxe4 17. cxd6 Qxd6 18. dxe5 Qe7 19. e6 exf3 20. Bxf3 {0-1 (35) Ferre Navarro,J (1604)-Sanz Ogaya,M (1959) Mataro 2018}) 14... g5 {[%emt 0:04:03]} 15. dxe5 {[%emt 0:12:39]} dxe5 {[%emt 0:01:00]} 16. a4 {[%emt 0:05:20]} a5 {[%emt 0:04:09]} 17. b5 {[%emt 0:04:16]} h5 {[%emt 0:03:11]} 18. Nd2 {[%emt 0:05:35]} g4 {[%emt 0:00:14]} 19. hxg4 {[%emt 0:00:45]} hxg4 {[%emt 0:00:08]} 20. e4 {[%emt 0:03:42]} f4 {[%emt 0:01:08]} 21. bxc6 {[%emt 0:09:43]} bxc6 {[%emt 0:00:36]} 22. Bxg4 {[%emt 0:03:13]} Nc5 {[%emt 0:00:45]} 23. Qa3 {[%emt 0:03:37]} Bxg4 {[%emt 0:00:18]} 24. f3 {[%emt 0:00:55]} Qa7 {[%emt 0:00:46]} 25. Kh1 {[%emt 0:03:54]} Nd3 {[%emt 0:07:16]} 26. Bg1 {[%emt 0:06:40]} Nf2+ {[%emt 0:01:19]} 27. Bxf2 {[%emt 0:00:39]} Qxf2 {[%emt 0:00:11]} 28. fxg4 {[%emt 0:00:26] [#]} f3 $1 {[%emt 0:03:53]} 29. Nxf3 {[%emt 0:02:48]} Rxf3 {[%emt 0:00:53]} 30. gxf3 {[%emt 0:01:12]} Qxf3+ {[%emt 0:00:56] Double Attack} 31. Kh2 {[%emt 0:02:51]} Qf2+ {[%emt 0:00:17]} 32. Kh1 {[%emt 0:00:07]} Qf3+ {[%emt 0:00:12]} 33. Kh2 {[%emt 0:00:04]} Qf2+ {[%emt 0:00:06]} 34. Kh1 {[%emt 0:00:20]} Qf3+ $11 {[%emt 0:00:05]} 35. Kh2 1/2-1/2

[Event "IIFL Wealth  4th Mumbai Junior U-13"]
[Site "Mumbai"]
[Date "2019.01.06"]
[Round "8"]
[White "Manish Anto Cristiano F"]
[Black "Aaryan Varshney"]
[Result "1/2-1/2"]
[WhiteElo "2065"]
[BlackElo "2200"]
[Annotator "NA"]
[PlyCount "105"]
[EventDate "2018.12.30"]
[EventType "swiss"]
[EventCountry "IND"]
[SourceTitle "playchess.com"]
[Source "ChessBase"]
[SourceQuality "1"]
[TimeControl "40/5400+30:1800+30"]

1. e4 c5 {[%emt 0:01:54]} 2. Nf3 {[%emt 0:00:00]} d6 {[%emt 0:00:05]} 3. d4 {[%emt 0:00:36]} cxd4 {[%emt 0:00:06]} 4. Nxd4 {[%emt 0:00:28]} Nf6 {[%emt 0:00:06]} 5. Nc3 {[%emt 0:00:29]} a6 {[%emt 0:00:05]} 6. Be3 {[%emt 0:00:34]} e5 {[%emt 0:00:20]} 7. Nf3 {[%emt 0:00:48]} Be7 {[%emt 0:01:12]} 8. Bc4 {[%emt 0:00:42]} O-O {[%emt 0:01:45]} 9. O-O {[%emt 0:00:49]} Be6 {[%emt 0:14:11]} 10. Bb3 {[%emt 0:01:05]} h6 {[%emt 0:02:49] B90: Sicilian Najdorf: Unusual White 6th moves, 6 Be3 Ng4 and 6 Be3 e5} 11. Qe2 {[%emt 0:03:23]} Nc6 {[%emt 0:01:19]} 12. Rfd1 {[%emt 0:05:15]} Rc8 {[%emt 0:02:19]} 13. Nh4 {[%emt 0:05:16] LiveBook: 6 Games [#]} Na5 $146 {[%emt 0:01:26]} ({Predecessor:} 13... b5 14. Ng6 Bxb3 15. Nxe7+ Qxe7 16. axb3 Nb4 17. Bb6 Rb8 18. Ba5 Nc6 19. Nd5 Nxd5 20. Rxd5 Rfc8 21. c3 b4 22. Bxb4 Nxb4 23. cxb4 Rxb4 24. Qxa6 {½-½ (24) Volokitin,A (2692)-Andriasian,Z (2613) Moscow 2010}) 14. Bxe6 $1 {[%emt 0:01:43]} fxe6 {[%emt 0:00:02]} 15. Ng6 {[%emt 0:00:20]} Re8 {[%emt 0:09:18]} 16. Nxe5 {[%emt 0:02:24] Pin} Qc7 {[%emt 0:00:53]} 17. Ng6 {[%emt 0:07:14]} Nc4 {[%emt 0:00:33]} (17... Bd8 $11) 18. Bc1 {[%emt 0:03:10]} b5 {[%emt 0:01:07]} 19. b3 {[%emt 0:03:45]} Nb6 {[%emt 0:01:47]} 20. Bb2 {[%emt 0:05:23]} b4 {[%emt 0:00:31]} 21. Na4 {[%emt 0:03:04]} Nxa4 {[%emt 0:00:10]} 22. bxa4 {[%emt 0:00:11]} Qxc2 {[%emt 0:03:31]} 23. Qxc2 {[%emt 0:04:03]} Rxc2 {[%emt 0:00:01]} 24. Nxe7+ {[%emt 0:00:16]} Rxe7 {[%emt 0:00:01]} 25. Bxf6 {[%emt 0:00:16]} gxf6 {[%emt 0:00:01]} 26. Rxd6 {[%emt 0:00:21]} Kf7 {[%emt 0:01:18]} 27. Rxa6 {[%emt 0:01:16]} Rd7 {[%emt 0:00:26]} 28. Rb6 {[%emt 0:00:54]} Rxa2 {[%emt 0:00:29]} 29. Rf1 {[%emt 0:08:10]} Rxa4 {[%emt 0:13:11]} 30. Re1 {[%emt 0:02:23]} Rd2 {[%emt 0:01:58]} 31. e5 {[%emt 0:01:41] [#]} Re2 $1 {[%emt 0:02:28] Back Rank} 32. Kf1 {[%emt 0:00:10]} Rb2 {[%emt 0:01:04]} 33. exf6 {[%emt 0:01:56]} Raa2 {[%emt 0:09:58]} 34. Rexe6 {[%emt 0:00:16]} Rxf2+ {[%emt 0:00:05]} 35. Ke1 {[%emt 0:00:23]} Rfb2 {[%emt 0:00:16]} 36. Re7+ {[%emt 0:00:26]} Kg6 {[%emt 0:00:05]} 37. Rg7+ {[%emt 0:02:05]} Kf5 {[%emt 0:13:01]} 38. Rd6 $11 {[%emt 0:01:58]} Rb1+ {[%emt 0:01:01]} 39. Rd1 {[%emt 0:00:25]} Rxd1+ {[%emt 0:00:04]} 40. Kxd1 {[%emt 0:00:00]} Kxf6 {[%emt 0:00:00]} 41. Rb7 {[%emt 0:02:01]} Rxg2 {[%emt 0:00:12]} 42. Rxb4 {[%emt 0:00:07]} Rxh2 {[%emt 0:00:05]} 43. Ke1 {[%emt 0:00:10]} Rg2 {[%emt 0:00:08]} 44. Kf1 {[%emt 0:00:10]} Rg5 {[%emt 0:00:07]} 45. Rb6+ {[%emt 0:00:08]} Kg7 {[%emt 0:00:07]} 46. Rb7+ {[%emt 0:00:15]} Kg6 {[%emt 0:00:09]} 47. Rb4 {[%emt 0:00:13]} h5 {[%emt 0:00:10]} 48. Rb6+ {[%emt 0:00:17]} Kf5 {[%emt 0:00:02]} 49. Rb5+ {[%emt 0:00:10]} Kf4 {[%emt 0:00:01]} 50. Rxg5 {[%emt 0:00:14]} Kxg5 {[%emt 0:00:01]} 51. Kg1 {[%emt 0:00:15]} h4 {[%emt 0:00:04]} 52. Kh2 {[%emt 0:00:10]} h3 {[%emt 0:00:00]} 53. Kxh3 {[%emt 0:00:14]} 1/2-1/2

[Event "IIFL Wealth  4th Mumbai Junior U-13"]
[Site "Mumbai"]
[Date "2019.01.06"]
[Round "8"]
[White "Kadam Om Manish"]
[Black "Abhyuday Santhosh"]
[Result "1-0"]
[WhiteElo "1944"]
[BlackElo "1409"]
[Annotator "NA"]
[PlyCount "85"]
[EventDate "2018.12.30"]
[EventType "swiss"]
[EventCountry "IND"]
[SourceTitle "playchess.com"]
[Source "ChessBase"]
[SourceQuality "1"]
[TimeControl "40/5400+30:1800+30"]

{[%evp 18,79,-12,32767,32767,32767,-11,0,43,32767,52,57,56,53,59,32767,32767,32767,32767,32767,32767,32767,32767,32767,32767,32767,32767,32767,32767,32767,32767,12,33,18,14,14,40,32767,43,52,46,86,43,47,46,52,38,53,112,126,111,120,154,157,244,32767,32767,342,29974,337,497,561,29974,29975]} 1. e4 {[%emt 0:00:00]} c5 {[%emt 0:01:28]} 2. Nf3 {[%emt 0:00:00]} d6 {[%emt 0:01:00]} 3. d4 {[%emt 0:00:00]} cxd4 {[%emt 0:00:27]} 4. Nxd4 {[%emt 0:00:00]} Nf6 {[%emt 0:00:19]} 5. Nc3 {[%emt 0:00:01]} a6 {[%emt 0:00:25]} 6. Be2 {[%emt 0:00:06]} e5 {[%emt 0:01:01]} 7. Nf3 {[%emt 0:00:48]} Be6 {[%emt 0:02:27]} 8. Bg5 {[%emt 0:01:45] B92: Sicilian Najdorf: 6 Be2} Be7 {[%emt 0:00:45]} 9. Nd2 {[%emt 0:02:17]} (9. Bxf6 Bxf6 10. Qd2 O-O 11. O-O Qc7 12. Rfd1 Be7 13. Nd5 Bxd5 14. Qxd5 Nd7 15. Nd2 b5 16. c4 {½-½ (66) Van Foreest,J (2617)-Fedoseev,V (2713) Hoogeveen 2018}) 9... b5 {[%emt 0:18:13]} 10. Bxf6 {[%emt 0:02:18]} Bxf6 {[%emt 0:02:31]} 11. Nf1 {[%emt 0:04:59]} Nc6 {[%emt 0:10:24]} 12. Ne3 {[%emt 0:02:57]} Ne7 $146 {[%emt 0:02:16]} ({Predecessor:} 12... Nd4 13. Ncd5 Bg5 14. c3 Bxe3 15. Nxe3 Nxe2 16. Qxe2 {0-1 (80) Vettese,N (2102)-Song,G (2174) Mississauga 2017}) 13. a4 {[%emt 0:23:30]} b4 {[%emt 0:01:22]} 14. Ncd5 {[%emt 0:00:14]} Bxd5 {[%emt 0:01:21]} 15. Nxd5 {[%emt 0:01:00]} Nxd5 {[%emt 0:00:16]} 16. Qxd5 {[%emt 0:00:25]} O-O {[%emt 0:00:29]} 17. O-O {[%emt 0:00:48]} Qc7 {[%emt 0:00:42]} 18. Bc4 {[%emt 0:02:48]} a5 {[%emt 0:01:58]} 19. b3 {[%emt 0:00:35]} Qc5 {[%emt 0:00:52]} 20. Qd3 {[%emt 0:04:00]} Rac8 {[%emt 0:01:46]} 21. Rad1 {[%emt 0:01:31]} Be7 {[%emt 0:00:46]} 22. Qe2 {[%emt 0:00:13]} Qb6 {[%emt 0:00:41]} 23. Kh1 {[%emt 0:00:51]} Rc5 {[%emt 0:07:05]} 24. Qg4 {[%emt 0:08:30]} Qc7 {[%emt 0:00:54]} 25. f4 {[%emt 0:02:51]} exf4 {[%emt 0:00:48]} 26. Rxf4 {[%emt 0:00:20]} Qc8 {[%emt 0:01:43]} 27. Qf3 {[%emt 0:01:15]} Qe8 {[%emt 0:03:57]} 28. Rf1 {[%emt 0:02:57]} Bf6 {[%emt 0:00:50]} 29. Rxf6 {[%emt 0:00:13]} gxf6 {[%emt 0:00:14]} 30. Qxf6 {[%emt 0:00:06]} Rxc4 $1 {[%emt 0:01:40]} 31. bxc4 {[%emt 0:09:34]} Qxe4 {[%emt 0:00:37]} 32. Qxd6 {[%emt 0:00:40]} Qxc2 {[%emt 0:00:40] [#]} ({Better is} 32... Qe2 $14 33. Qf4 Qxc2) 33. h3 $1 {[%emt 0:04:33]} Qg6 {[%emt 0:00:46] [#]} ({Not} 33... Qxc4 $2 34. Rf3 $18) (33... Qxa4 $2 34. Qf6 $18) 34. Qe5 $1 {[%emt 0:01:49]} f6 {[%emt 0:04:07]} 35. Qxa5 {[%emt 0:00:54]} b3 {[%emt 0:00:35]} (35... Qd3 {might work better.} 36. Rf3 Qd1+ 37. Kh2 Qd6+ 38. Rg3+ Kh8) 36. Qb4 {[%emt 0:03:22]} Qc2 {[%emt 0:09:55] [#]} 37. Rf3 $1 {[%emt 0:00:58]} Rd8 $2 {[%emt 0:05:23]} (37... Re8 $18 38. Rxb3 (38. Qxb3 Qxb3 39. Rxb3 Ra8 $18) 38... Qe4) 38. Rxb3 $2 {[%emt 0:02:09]} (38. Rg3+ Qg6 39. Rxg6+ hxg6 40. c5) 38... Qf2 {[%emt 0:01:40]} 39. Kh2 {[%emt 0:01:23]} Rd1 {[%emt 0:03:11]} (39... Kh8 $18 40. Rf3 Qd4) 40. Qb8+ {[%emt 0:00:00]} Kf7 {[%emt 0:00:00]} 41. Rb7+ {[%emt 0:00:23]} Ke6 {[%emt 0:00:43]} 42. Qe8+ {[%emt 0:00:01]} Kf5 {[%emt 0:00:29]} 43. Qh5+ {[%emt 0:00:08]} 1-0

[Event "IIFL Wealth  4th Mumbai Junior U-13"]
[Site "Mumbai"]
[Date "2019.01.06"]
[Round "8"]
[White "Savitha Shri B"]
[Black "Jadhav Jyotiraditya"]
[Result "1-0"]
[WhiteElo "1894"]
[BlackElo "1358"]
[Annotator "NA RC"]
[PlyCount "125"]
[EventDate "2018.12.30"]
[EventType "swiss"]
[EventCountry "IND"]
[SourceTitle "playchess.com"]
[Source "ChessBase"]
[SourceQuality "1"]
[TimeControl "40/5400+30:1800+30"]

1. Nf3 d5 2. c4 e6 3. g3 Nf6 4. Bg2 c6 5. b3 Bd6 6. Bb2 O-O 7. O-O Nbd7 8. d3 Qe7 9. Qc2 Re8 10. e4 dxe4 11. dxe4 e5 12. Nbd2 Nf8 13. Rac1 N8d7 14. Ne1 b6 15. Nd3 Bb7 16. Kh1 Nc5 17. Ne1 Rad8 18. Bc3 Bb8 19. b4 Ne6 20. Nb3 c5 21. b5 Nd4 22. Bxd4 exd4 23. f3 Nd7 24. Nd3 Ne5 25. Rce1 f6 26. a4 h5 27. Nxe5 fxe5 28. Qd3 Qg5 29. Bh3 Bc8 30. Bxc8 Rxc8 31. Rg1 Re6 32. a5 Rf8 33. axb6 axb6 34. Qd2 Qf6 35. Ref1 Qf7 36. Qe2 Rf6 37. Nd2 Qd7 38. Qg2 Bd6 39. Nb3 Qf7 40. Nd2 Qd7 41. Ra1 Be7 42. f4 Bd8 43. f5 Rh6 44. Nf3 Qc7 45. Ra6 Qd6 46. Ra7 Bf6 47. g4 hxg4 48. Qxg4 Rf7 49. Ra8+ Rf8 50. Ra3 Qe7 51. Ra6 Qd6 52. Kg2 Rd8 53. Kf2 Rb8 54. Ke2 Qe7 55. Kd3 Qf7 56. Qg3 Qc7 57. Rga1 Qd6 58. Ra7 Rd8 59. R1a6 Rb8 60. Ra1 Rd8 61. Rg1 Rh7 62. Qg6 Rh6 63. Rxg7+ {Rh7 Qg3+ Rh6 Ra7+} 1-0